000 00442nam a2200157Ia 4500
003 GCL
008 140319s9999 xx 000 0 ara d
040 _aGCL /
_cGCL
082 0 4 _a812.043
_bف ن
100 1 _aفتحى رضوان
245 1 0 _aناظر وقف (مسرحيات مختارة) /
_cفتحى رضوان
490 _aكتاب
_v0
650 0 4 _aالمسرحيات
650 0 4 _aالمسرحيات العربية
942 _2ddc
_cBK
999 _c42144
_d42144